000 00664nam a2200241Ia 4500
003 OSt
005 20220918192135.0
006 a|||||r|||| 00| 0
007 ta
008 220917b |||||||| |||| 00| 0 eng d
024 _a67,206
037 _cTextual
040 _aARTS
_cARTS
_beng
041 _2eng
_aeng
082 _aR1981, L2
100 _aMohanty Jitendra Nath
_978475
245 0 _aConcept of intentionality
260 _aUSA
_bWarren H Green
_c1972
300 _avii,213p. illus
_ccm.
490 _aMonograph in modern concepts of philosophy
942 _hR1981, L2
_cTEXL
_2CC
999 _c193439
_d193439